Une lettre suffit pour répondre juste #73 (attention 10 lettres tuent) - Statistiques

Statistiques générales
  • Ce quiz a été pris 54 fois
  • Le résultat moyen est 4 sur 6
Statistiques - réponses
Hint Réponse % Correct
Donne une des 4 lettres qui compose la traduction de canard en anglais DUCK
100%
Donne une des 3 lettres qui complète le nom de ce meuble héraldique : Fleur de _ _ _
LYS
100%
Donne une des 5 lettres d'un mot qui désigne à la fois: - un navigateur web - une œuvre d'art lyrique - un quartier du 1er arrondissement de Marseille situé non loin du Vieux-Port OPERA
100%
Donne une des 2 lettres des initiales (Prénom Nom) de cet homme :
NT (Norbert Tarayre)
68%
Donne la lettre qui complète le nom du film de science-fiction dramatique indépendant, écrit, produit et réalisé par Mike Cahill, sorti en 2014 : _ Origins
I
14%
Donne la 1ere lettre du nom de ce film américain de David Fincher, sorti en 2007
Z (Zodiac)
7%
Aucun quiz correspondant
Distribution des résultats
% des personnes avec chaque résultat
Percentile par nombre de réponses
Votre historique - résultats
Vous n’avez pas pris ce quiz